000 00498nam a2200181Ia 4500
005 20250326123948.0
008 250326s9999 xx 000 0 und d
037 _aTextbook
040 _aFMSL
_beng
_cFMSL
041 _aeng
_2eng
084 _aV8.44 K3
_qFMSL
100 _aSachdeva D R
_950558
245 0 _aIndian administration
_cSachdeva D R; Bhushan V
260 _aDelhi
_bDelhi, Gur Das Kapur
_c1963
300 _a320p
942 _cTB
_hV8.44 K3
999 _c1271668
_d1271668